[Event "Olimpiada Dresden 2008 Femenina"]
[Site "Dresden GER"]
[Date "2008.11.14"]
[Round "2.27"]
[White "Giulian, Rosemary A"]
[Black "Sahl, Sheila Barth"]
[Result "0-1"]
[WhiteElo "2032"]
[BlackElo "2219"]
[PlyCount "120"]
[EventDate "2008.11.13"]
[EventType "team-tourn"]
[EventRounds "11"]
[EventCountry "GER"]
[Source "lmi"]
[SourceDate "2008.11.13"]
[WhiteTeam "Escocia"]
[BlackTeam "Noruega"]
[WhiteTeamCountry "SCO"]
[BlackTeamCountry "NOR"]

1. e4 c5 2. c3 d5 3. exd5 Qxd5 4. d4 Nf6 5. Nf3 Bg4 6. Be2 e6 7. O-O Nc6 8. h3
Bh5 9. Be3 cxd4 10. cxd4 Be7 11. Nc3 Qd6 12. Qa4 O-O 13. Rfd1 Rfd8 14. a3 a6
15. b4 Rac8 16. Qb3 h6 17. Ne1 Bxe2 18. Nxe2 Nd5 19. Bc1 Bf6 20. Bb2 g6 21. Nf3
Bg7 22. Rd2 b5 23. Rc2 Nb6 24. Bc3 Ne7 25. Re1 Ned5 26. Ba1 Rxc2 27. Qxc2 Nc4
28. Qb3 Ne7 29. Ng3 Nf5 30. Nxf5 exf5 31. Bc3 Qd5 32. a4 Nb6 33. Qxd5 Nxd5 34.
Bd2 bxa4 35. Ra1 Nb6 36. Be3 g5 37. Kf1 f4 38. Bd2 Bxd4 39. Nxd4 Rxd4 40. Ke2
f5 41. Bc3 Rd7 42. Ra2 Kf7 43. g3 fxg3 44. fxg3 Ke6 45. Be1 Rd4 46. Bc3 Re4+
47. Kd2 f4 48. gxf4 Rxf4 49. Ke1 Kd5 50. Bg7 Re4+ 51. Kf2 Re6 52. Kg3 Kc4 53.
Bf8 h5 54. Bc5 Kb3 55. Ra1 Nc4 56. Rb1+ Kc2 57. Rf1 a3 58. Rf5 Re4 59. b5 a2
60. Rf2+ Nd2 0-1

[Event "Olimpiada Dresden 2008 Femenina"]
[Site "Dresden GER"]
[Date "2008.11.14"]
[Round "2.27"]
[White "Bjerke, Silje"]
[Black "Wilman, Carey"]
[Result "1-0"]
[WhiteElo "2204"]
[BlackElo "2037"]
[PlyCount "83"]
[EventDate "2008.11.13"]
[EventType "team-tourn"]
[EventRounds "11"]
[EventCountry "GER"]
[Source "lmi"]
[SourceDate "2008.11.13"]
[WhiteTeam "Noruega"]
[BlackTeam "Escocia"]
[WhiteTeamCountry "NOR"]
[BlackTeamCountry "SCO"]

1. e4 d6 2. d4 Nf6 3. Nc3 g6 4. Be3 Bg7 5. Qd2 c6 6. Nf3 Qa5 7. h3 Nbd7 8. Bd3
e5 9. O-O O-O 10. a4 a6 11. Rfd1 Re8 12. dxe5 dxe5 13. Bc4 Qb4 14. Qe2 a5 15.
Ra3 Qe7 16. Ng5 Rf8 17. Ba2 h6 18. Nf3 Kh7 19. Qc4 Ne8 20. Ne2 Nc7 21. Rad3 Ne6
22. h4 Re8 23. h5 Ndf8 24. hxg6+ Nxg6 25. Bb3 Qb4 26. g3 Qxc4 27. Bxc4 Bf8 28.
Nd2 Nd8 29. Nb3 Bg4 30. R1d2 Kg7 31. Bb6 Bxe2 32. Rxe2 Ne6 33. Rd7 Re7 34. Bxe6
Rxe6 35. Rxb7 c5 36. Bxc5 Bxc5 37. Nxc5 Rc6 38. Nd3 Rac8 39. Rb5 Rxc2 40. Rxc2
Rxc2 41. Rxa5 Rd2 42. Rd5 1-0

[Event "Olimpiada Dresden 2008 Femenina"]
[Site "Dresden GER"]
[Date "2008.11.14"]
[Round "2.27"]
[White "Hughes, Rhian"]
[Black "Jorgensen, Line Jin"]
[Result "1-0"]
[WhiteElo "1796"]
[BlackElo "1946"]
[PlyCount "69"]
[EventDate "2008.11.13"]
[EventType "team-tourn"]
[EventRounds "11"]
[EventCountry "GER"]
[Source "lmi"]
[SourceDate "2008.11.13"]
[WhiteTeam "Escocia"]
[BlackTeam "Noruega"]
[WhiteTeamCountry "SCO"]
[BlackTeamCountry "NOR"]

1. c4 c5 2. Nc3 Nc6 3. g3 g6 4. Bg2 Bg7 5. a3 d6 6. Rb1 a5 7. d3 e5 8. e4 Nge7
9. Nge2 O-O 10. O-O Rb8 11. h3 h6 12. f4 exf4 13. Nxf4 Kh7 14. Be3 Ne5 15. Qd2
Bd7 16. b4 axb4 17. axb4 b6 18. b5 Ra8 19. Qc2 Ra3 20. Nfe2 Qa8 21. Bc1 Ra7 22.
Bb2 Qd8 23. Ra1 Rxa1 24. Rxa1 f5 25. Rf1 fxe4 26. Nxe4 Rxf1+ 27. Kxf1 Qf8+ 28.
Kg1 Nf5 29. Qd2 d5 30. cxd5 Bxb5 31. Nf4 Nd4 32. Bxd4 cxd4 33. Ne6 Nf3+ 34.
Bxf3 Qxf3 35. N4g5+ 1-0

[Event "Olimpiada Dresden 2008 Femenina"]
[Site "Dresden GER"]
[Date "2008.11.14"]
[Round "2.28"]
[White "Ramirez, M Eugenia"]
[Black "Berend, Elvira"]
[Result "1/2-1/2"]
[WhiteElo "2016"]
[BlackElo "2328"]
[PlyCount "127"]
[EventDate "2008.11.13"]
[EventType "team-tourn"]
[EventRounds "11"]
[EventCountry "GER"]
[Source "lmi"]
[SourceDate "2008.11.13"]
[WhiteTeam "Bolivia"]
[BlackTeam "Luxemburgo"]
[WhiteTeamCountry "BOL"]
[BlackTeamCountry "LUX"]

1. e4 c5 2. c3 Nf6 3. e5 Nd5 4. g3 d6 5. exd6 Qxd6 6. Bg2 Nc6 7. Nf3 Bg4 8. Na3
Qe6+ 9. Qe2 Qxe2+ 10. Kxe2 O-O-O 11. Re1 e5 12. Kf1 f6 13. Nc4 Bf5 14. Kg1 g5
15. Ne3 Be6 16. Nxd5 Bxd5 17. h3 h5 18. b3 Kc7 19. Re2 Be6 20. Kh2 g4 21. Nh4
Bh6 22. Be4 gxh3 23. Nf5 Bg5 24. d3 Bxc1 25. Rxc1 Bxf5 26. Bxf5 Ne7 27. Be4 f5
28. Bh1 Ng6 29. d4 e4 30. f3 exf3 31. Bxf3 h4 32. g4 fxg4 33. Bxg4 cxd4 34.
cxd4+ Kb8 35. Re4 Rhf8 36. Rc2 Rf4 37. Rxf4 Nxf4 38. Rd2 Kc7 39. Bxh3 Re8 40.
Bg4 Re3 41. Rf2 Re4 42. Rd2 b6 43. Bf5 Re2+ 44. Rxe2 Nxe2 45. Kh3 Nxd4 46. Bd3
Kd6 47. b4 Nc6 48. a3 Kd5 49. Kxh4 Kd4 50. Bb5 Nxb4 51. axb4 Kc3 52. Kg4 Kxb4
53. Ba6 Ka5 54. Bd3 b5 55. Kf4 Kb4 56. Ke3 Ka4 57. Kd4 b4 58. Ba6 Kb3 59. Kd3
Kb2 60. Kd2 b3 61. Kd3 Ka1 62. Kc3 b2 63. Bd3 a5 64. Kb3 1/2-1/2

[Event "Olimpiada Dresden 2008 Femenina"]
[Site "Dresden GER"]
[Date "2008.11.14"]
[Round "2.28"]
[White "Wagener, Anna"]
[Black "Cordero, Daniela"]
[Result "1-0"]
[WhiteElo "2246"]
[BlackElo "1990"]
[PlyCount "44"]
[EventDate "2008.11.13"]
[EventType "team-tourn"]
[EventRounds "11"]
[EventCountry "GER"]
[Source "lmi"]
[SourceDate "2008.11.13"]
[WhiteTeam "Luxemburgo"]
[BlackTeam "Bolivia"]
[WhiteTeamCountry "LUX"]
[BlackTeamCountry "BOL"]

1. e4 c6 2. d4 d5 3. e5 Bf5 4. Nf3 e6 5. Be2 c5 6. Be3 Ne7 7. dxc5 Nd7 8. O-O
Nc6 9. c4 dxc4 10. Na3 c3 11. bxc3 Ndxe5 12. Nxe5 Nxe5 13. Qa4+ Nc6 14. Bf3 Rc8
15. Rfd1 Qf6 16. Nb5 Be7 17. Nxa7 O-O 18. Nxc8 Rxc8 19. Qb5 e5 20. Qxb7 Qe6 21.
Bd5 Qg6 22. Bxc6 Bf8 1-0

[Event "Olimpiada Dresden 2008 Femenina"]
[Site "Dresden GER"]
[Date "2008.11.14"]
[Round "2.28"]
[White "Barrenechea, Stefanie"]
[Black "Steil-Antoni, Fiona"]
[Result "1-0"]
[WhiteElo "1978"]
[BlackElo "2166"]
[PlyCount "97"]
[EventDate "2008.11.13"]
[EventType "team-tourn"]
[EventRounds "11"]
[EventCountry "GER"]
[Source "lmi"]
[SourceDate "2008.11.13"]
[WhiteTeam "Bolivia"]
[BlackTeam "Luxemburgo"]
[WhiteTeamCountry "BOL"]
[BlackTeamCountry "LUX"]

1. d4 Nf6 2. c4 e6 3. Nf3 b6 4. Bg5 Bb7 5. Nbd2 h6 6. Bh4 d5 7. e3 Be7 8. Bd3
O-O 9. Rc1 Ne4 10. Bxe7 Qxe7 11. Qc2 Nxd2 12. Nxd2 Na6 13. a3 dxc4 14. Be4 c5
15. Nxc4 cxd4 16. exd4 Rac8 17. O-O b5 18. Bxb7 Rxc4 19. Qe4 Nc5 20. dxc5 Rxe4
21. Bxe4 Rd8 22. c6 f5 23. Bf3 Rc8 24. Rfd1 Rc7 25. Rc2 Kh7 26. Rcd2 Qc5 27. b4
Qb6 28. Rd7 Rxc6 29. Bxc6 Qxc6 30. Rxa7 Qc2 31. Rad7 Qb2 32. R7d3 Kg6 33. h3
Kf6 34. Re3 f4 35. Re4 e5 36. Rd6+ Kf5 37. f3 Qb3 38. Rc6 Qd1+ 39. Kh2 Qd7 40.
Rc5 Qe8 41. Kg1 g5 42. Kf2 Kg6 43. Rexe5 Qa8 44. Rxb5 Qxa3 45. Rb6+ Kh5 46.
Ree6 Qb2+ 47. Kg1 Kh4 48. Kh2 h5 49. Rb5 1-0

[Event "Olimpiada Dresden 2008 Femenina"]
[Site "Dresden GER"]
[Date "2008.11.14"]
[Round "2.29"]
[White "Topel, Zehra"]
[Black "Greeff, Melissa"]
[Result "1/2-1/2"]
[WhiteElo "2214"]
[BlackElo "1963"]
[PlyCount "91"]
[EventDate "2008.11.13"]
[EventType "team-tourn"]
[EventRounds "11"]
[EventCountry "GER"]
[Source "lmi"]
[SourceDate "2008.11.13"]
[WhiteTeam "Turquía"]
[BlackTeam "Sudáfrica"]
[WhiteTeamCountry "TUR"]
[BlackTeamCountry "RSA"]

1. d4 d5 2. c4 c6 3. Nf3 Nf6 4. Qc2 Bg4 5. Ne5 Bh5 6. Bf4 e6 7. e3 Nbd7 8. Bd3
Be7 9. O-O Rc8 10. b3 Nxe5 11. Bxe5 Bg6 12. Nd2 c5 13. Rac1 cxd4 14. exd4 Bd6
15. Rfe1 Bxe5 16. dxe5 Nd7 17. Qb1 Nb6 18. Bxg6 hxg6 19. cxd5 Rxc1 20. Qxc1
Qxd5 21. Nf3 Ke7 22. Qa3+ Kd7 23. Qxa7 Nc8 24. Qa4+ Kc7 25. b4 Nb6 26. Qc2+ Kb8
27. Rd1 Qb5 28. Qe4 Nd5 29. a3 Qa4 30. Ra1 Rc8 31. h4 Rc3 32. Ng5 Rc7 33. Kh2
Qb3 34. Qf3 Qb2 35. Re1 Rc2 36. Kg1 Rc4 37. Qxf7 Rf4 38. Qe8+ Ka7 39. Nf3 Qc3
40. Rf1 Rg4 41. Nh2 Rxh4 42. g3 Nf4 43. Qa4+ Kb8 44. Qe8+ Ka7 45. Qa4+ Kb8 46.
Qe8+ 1/2-1/2

[Event "Olimpiada Dresden 2008 Femenina"]
[Site "Dresden GER"]
[Date "2008.11.14"]
[Round "2.29"]
[White "Ellappen, Jenine"]
[Black "Yildiz, Betul Cemre"]
[Result "0-1"]
[WhiteElo "1917"]
[BlackElo "2219"]
[PlyCount "76"]
[EventDate "2008.11.13"]
[EventType "team-tourn"]
[EventRounds "11"]
[EventCountry "GER"]
[Source "lmi"]
[SourceDate "2008.11.13"]
[WhiteTeam "Sudáfrica"]
[BlackTeam "Turquía"]
[WhiteTeamCountry "RSA"]
[BlackTeamCountry "TUR"]

1. e4 e5 2. Nf3 Nc6 3. Bb5 a6 4. Ba4 Nf6 5. O-O b5 6. Bb3 Bb7 7. d3 Be7 8. a4
O-O 9. Nc3 b4 10. Ne2 h6 11. Ng3 Re8 12. Nf5 Bf8 13. N3h4 Na5 14. Ba2 d5 15.
exd5 Nxd5 16. Qg4 Kh8 17. Bd2 c5 18. Rae1 Qf6 19. Ng3 Rad8 20. Nh5 Qd6 21. Qd1
g6 22. Ng3 Bg7 23. Ne4 Qb6 24. Nf3 f5 25. Ng3 Nc6 26. h4 Nd4 27. Nxd4 cxd4 28.
h5 Qc6 29. f3 a5 30. Bb3 Qf6 31. Bxd5 Rxd5 32. f4 Qh4 33. Kf2 e4 34. Qc1 e3+
35. Kg1 Qxg3 36. Rf3 Qh4 37. Bxe3 dxe3 38. Rfxe3 Bd4 0-1

[Event "Olimpiada Dresden 2008 Femenina"]
[Site "Dresden GER"]
[Date "2008.11.14"]
[Round "2.29"]
[White "Ozturk, Kubra"]
[Black "De Jager, Carmen"]
[Result "1-0"]
[WhiteElo "2254"]
[BlackElo "1800"]
[PlyCount "67"]
[EventDate "2008.11.13"]
[EventType "team-tourn"]
[EventRounds "11"]
[EventCountry "GER"]
[Source "lmi"]
[SourceDate "2008.11.13"]
[WhiteTeam "Turquía"]
[BlackTeam "Sudáfrica"]
[WhiteTeamCountry "TUR"]
[BlackTeamCountry "RSA"]

1. d4 d5 2. Nf3 Nf6 3. c4 e6 4. e3 Nbd7 5. Nc3 c6 6. Qc2 Bd6 7. e4 Nxe4 8. Nxe4
dxe4 9. Qxe4 Nf6 10. Qh4 b6 11. Be2 Bb7 12. O-O Qc7 13. Be3 c5 14. dxc5 bxc5
15. b4 Nd7 16. bxc5 Nxc5 17. Nd4 a6 18. Rfd1 O-O 19. Nb3 Rac8 20. Rab1 Ne4 21.
Bd4 Be5 22. Bf3 Bxd4 23. Nxd4 Nc5 24. Be2 Be4 25. Rbc1 Qb7 26. Bf1 h6 27. Nb3
Qa8 28. Rc3 a5 29. Rg3 Kh7 30. Qe7 Qb7 31. Qxc5 Rxc5 32. Nxc5 Qc6 33. Nxe4 Qxe4
34. Bd3 1-0

[Event "Olimpiada Dresden 2008 Femenina"]
[Site "Dresden GER"]
[Date "2008.11.14"]
[Round "2.29"]
[White "Sischy, Monique Sian"]
[Black "Yanik, Emine"]
[Result "1-0"]
[WhiteElo "1965"]
[BlackElo "2049"]
[PlyCount "52"]
[EventDate "2008.11.13"]
[EventType "team-tourn"]
[EventRounds "11"]
[EventCountry "GER"]
[Source "lmi"]
[SourceDate "2008.11.13"]
[WhiteTeam "Sudáfrica"]
[BlackTeam "Turquía"]
[WhiteTeamCountry "RSA"]
[BlackTeamCountry "TUR"]

1. e4 c5 2. Nc3 d6 3. Nf3 Nc6 4. d4 cxd4 5. Nxd4 e6 6. Be3 Nf6 7. Bd3 Be7 8.
O-O e5 9. Nde2 Be6 10. f4 Ng4 11. Qd2 d5 12. exd5 Bxd5 13. Rad1 Qa5 14. Bb5
O-O-O 15. Nxd5 Qxb5 16. c4 Qa6 17. fxe5 Ngxe5 18. b3 f6 19. Nd4 Rhe8 20. Nb5
Rd7 21. Rfe1 Red8 22. Qc2 Ng4 23. Nxe7+ Nxe7 24. Rxd7 Rxd7 25. Nxa7+ Kb8 26.
Bc5 Ne5 1-0

[Event "Olimpiada Dresden 2008 Femenina"]
[Site "Dresden GER"]
[Date "2008.11.14"]
[Round "2.30"]
[White "Mezioud, Amina"]
[Black "Muminova, Nafisa"]
[Result "1/2-1/2"]
[WhiteElo "2028"]
[BlackElo "2240"]
[PlyCount "59"]
[EventDate "2008.11.13"]
[EventType "team-tourn"]
[EventRounds "11"]
[EventCountry "GER"]
[Source "lmi"]
[SourceDate "2008.11.13"]
[WhiteTeam "Argelia"]
[BlackTeam "Uzbekistán"]
[WhiteTeamCountry "ALG"]
[BlackTeamCountry "UZB"]

1. Nf3 Nf6 2. d3 d5 3. g3 Bg4 4. Bg2 c6 5. Ne5 Bf5 6. Nd2 Nbd7 7. Nxd7 Qxd7 8.
e4 Bh3 9. O-O dxe4 10. dxe4 O-O-O 11. Qe2 h5 12. Nc4 Bxg2 13. Kxg2 h4 14. Bf4
hxg3 15. Bxg3 Qh3+ 16. Kg1 e6 17. Rad1 Bc5 18. Ne5 Nh5 19. Rxd8+ Rxd8 20. Rd1
Nxg3 21. Rxd8+ Kxd8 22. Qd3+ Kc7 23. hxg3 Qh5 24. Qd7+ Kb6 25. Qd8+ Ka6 26.
Qd3+ Kb6 27. Qd8+ Ka6 28. Qd3+ Kb6 29. Qd8+ Ka6 30. Qd3+ 1/2-1/2

[Event "Olimpiada Dresden 2008 Femenina"]
[Site "Dresden GER"]
[Date "2008.11.14"]
[Round "2.30"]
[White "Gevorgyan, Irina"]
[Black "Hamza, Amira"]
[Result "1-0"]
[WhiteElo "2179"]
[BlackElo "1880"]
[PlyCount "59"]
[EventDate "2008.11.13"]
[EventType "team-tourn"]
[EventRounds "11"]
[EventCountry "GER"]
[Source "lmi"]
[SourceDate "2008.11.13"]
[WhiteTeam "Uzbekistán"]
[BlackTeam "Argelia"]
[WhiteTeamCountry "UZB"]
[BlackTeamCountry "ALG"]

1. c4 Nf6 2. Nc3 d5 3. cxd5 Nxd5 4. g3 e5 5. Bg2 c6 6. Nf3 Bd6 7. O-O O-O 8. d3
Kh8 9. a3 Nxc3 10. bxc3 Qe7 11. Nd2 f5 12. Nc4 Bc7 13. a4 Rd8 14. Ba3 Qg5 15.
Nxe5 Bxe5 16. f4 Qf6 17. fxe5 Qxe5 18. Qd2 Be6 19. e4 fxe4 20. Bxe4 Bh3 21.
Rfe1 Qc7 22. Qg5 Qd7 23. Qh4 h6 24. Qh5 Be6 25. Qg6 Bg8 26. Bf5 Qf7 27. Qxf7
Bxf7 28. Re7 Bd5 29. c4 Bg8 30. Bb2 1-0

[Event "Olimpiada Dresden 2008 Femenina"]
[Site "Dresden GER"]
[Date "2008.11.14"]
[Round "2.30"]
[White "Latreche, Sabrina"]
[Black "Tokhirjanova, Hulkar"]
[Result "0-1"]
[WhiteElo "2015"]
[BlackElo "2106"]
[PlyCount "100"]
[EventDate "2008.11.13"]
[EventType "team-tourn"]
[EventRounds "11"]
[EventCountry "GER"]
[Source "lmi"]
[SourceDate "2008.11.13"]
[WhiteTeam "Argelia"]
[BlackTeam "Uzbekistán"]
[WhiteTeamCountry "ALG"]
[BlackTeamCountry "UZB"]

1. e4 c6 2. d4 d5 3. exd5 cxd5 4. Bd3 Nf6 5. c3 e6 6. Bf4 Bd6 7. Bxd6 Qxd6 8.
Nf3 O-O 9. O-O b6 10. Re1 Ba6 11. Bxa6 Nxa6 12. Qd3 Nc7 13. Nbd2 b5 14. Ne5 Nd7
15. Nxd7 Qxd7 16. Nb3 Rae8 17. Nc5 Qd6 18. b4 f6 19. Re3 e5 20. dxe5 fxe5 21.
Rae1 e4 22. Nxe4 Qf4 23. Qc2 dxe4 24. Rxe4 Rxe4 25. Rxe4 Re8 26. Rxe8+ Nxe8 27.
g3 Qc4 28. a4 Nd6 29. Qd2 Qe6 30. axb5 Nxb5 31. Qd8+ Kf7 32. Qd3 a6 33. c4 Nd6
34. Qf3+ Qf5 35. Qc6 Qb1+ 36. Kg2 Qe4+ 37. Qxe4 Nxe4 38. b5 a5 39. b6 Nc5 40.
Kf3 a4 41. Ke3 Ke6 42. Kd4 Kd6 43. f4 Kc6 44. Kc3 Kxb6 45. Kb4 Kc6 46. g4 Kd6
47. h4 g6 48. Kc3 h5 49. f5 gxf5 50. gxh5 Ke5 0-1

[Event "Olimpiada Dresden 2008 Femenina"]
[Site "Dresden GER"]
[Date "2008.11.14"]
[Round "2.31"]
[White "Ortiz, Nadya Karolina"]
[Black "Mencos, Claudia"]
[Result "1-0"]
[WhiteElo "2230"]
[BlackElo "1914"]
[PlyCount "55"]
[EventDate "2008.11.13"]
[EventType "team-tourn"]
[EventRounds "11"]
[EventCountry "GER"]
[Source "lmi"]
[SourceDate "2008.11.13"]
[WhiteTeam "Colombia"]
[BlackTeam "Guatemala"]
[WhiteTeamCountry "COL"]
[BlackTeamCountry "GUA"]

1. e4 c5 2. Nf3 e6 3. d4 cxd4 4. Nxd4 a6 5. Nc3 Qc7 6. Bd3 Nc6 7. Be3 Nf6 8.
O-O Be7 9. f4 d6 10. Kh1 O-O 11. Qf3 Bd7 12. Qg3 Kh8 13. Rae1 b5 14. a3 Rac8
15. Nf3 Na5 16. e5 Nh5 17. Qh3 g6 18. Ne4 dxe5 19. fxe5 Nc4 20. Bg5 Bc6 21.
Bf6+ Bxf6 22. Nxf6 Bxf3 23. Rxf3 Nxe5 24. Nxh5 Nxf3 25. Qxf3 f5 26. Nf4 e5 27.
Ne6 Qd6 28. Nxf8 1-0

[Event "Olimpiada Dresden 2008 Femenina"]
[Site "Dresden GER"]
[Date "2008.11.14"]
[Round "2.31"]
[White "Figueroa, Julissa"]
[Black "Herrera, Milena"]
[Result "0-1"]
[WhiteElo "1761"]
[BlackElo "2070"]
[PlyCount "50"]
[EventDate "2008.11.13"]
[EventType "team-tourn"]
[EventRounds "11"]
[EventCountry "GER"]
[Source "lmi"]
[SourceDate "2008.11.13"]
[WhiteTeam "Guatemala"]
[BlackTeam "Colombia"]
[WhiteTeamCountry "GUA"]
[BlackTeamCountry "COL"]

1. e4 c5 2. Nf3 e6 3. d4 cxd4 4. Nxd4 a6 5. a4 Nf6 6. Nc3 Bb4 7. Bd3 Qc7 8. Bd2
Nc6 9. Nb3 Ne5 10. O-O Neg4 11. g3 Bd6 12. Be2 h5 13. Bg5 Be5 14. Qd3 h4 15.
Bxh4 Rxh4 16. gxh4 Bxc3 17. Bxg4 Nxg4 18. Qh3 Bxb2 19. Qxg4 Bxa1 20. Rxa1 Qxc2
21. Qf3 Qb2 22. Rc1 b5 23. axb5 axb5 24. Rc3 Bb7 25. Nc5 Bc6 0-1

[Event "Olimpiada Dresden 2008 Femenina"]
[Site "Dresden GER"]
[Date "2008.11.14"]
[Round "2.32"]
[White "Milligan, Helen"]
[Black "Tsiganova, Monika"]
[Result "1/2-1/2"]
[WhiteElo "1957"]
[BlackElo "2208"]
[PlyCount "61"]
[EventDate "2008.11.13"]
[EventType "team-tourn"]
[EventRounds "11"]
[EventCountry "GER"]
[Source "lmi"]
[SourceDate "2008.11.13"]
[WhiteTeam "Nueva Zelanda"]
[BlackTeam "Estonia"]
[WhiteTeamCountry "NZL"]
[BlackTeamCountry "EST"]

1. e4 c6 2. d4 d5 3. Nc3 dxe4 4. Nxe4 Nd7 5. Bd3 Ngf6 6. Ng5 e6 7. N1f3 Bd6 8.
Qe2 h6 9. Ne4 Nxe4 10. Qxe4 Nf6 11. Qe2 O-O 12. O-O Qc7 13. h3 c5 14. dxc5 Bxc5
15. Bd2 b6 16. Bc3 Bb7 17. Rfe1 Qf4 18. Be5 Bxf3 19. Bxf4 Bxe2 20. Rxe2 Rfd8
21. Ba6 Nd5 22. Bg3 Rd7 23. Bb5 Re7 24. Rd1 Rc8 25. Ba6 Rce8 26. Bb5 Rc8 27.
Ba6 Rce8 28. Bb5 Rc8 29. Ba6 Rce8 30. Bb5 Rc8 31. Ba6 1/2-1/2

[Event "Olimpiada Dresden 2008 Femenina"]
[Site "Dresden GER"]
[Date "2008.11.14"]
[Round "2.32"]
[White "Gansvind, Valeriya I"]
[Black "Maroroa, Sue"]
[Result "1-0"]
[WhiteElo "2212"]
[BlackElo "1938"]
[PlyCount "43"]
[EventDate "2008.11.13"]
[EventType "team-tourn"]
[EventRounds "11"]
[EventCountry "GER"]
[Source "lmi"]
[SourceDate "2008.11.13"]
[WhiteTeam "Estonia"]
[BlackTeam "Nueva Zelanda"]
[WhiteTeamCountry "EST"]
[BlackTeamCountry "NZL"]

1. d4 c5 2. d5 g6 3. Nc3 d6 4. e4 Bg7 5. Be2 Nf6 6. Nf3 O-O 7. Nd2 Bd7 8. O-O
Na6 9. Re1 Nc7 10. a4 Qe8 11. f4 b5 12. axb5 Nxb5 13. Nxb5 Bxb5 14. c4 Bd7 15.
e5 Nh5 16. Bxh5 gxh5 17. Qxh5 f6 18. Qxe8 Rfxe8 19. e6 Bc8 20. Nf1 f5 21. Re2
a5 22. Ra4 1-0

[Event "Olimpiada Dresden 2008 Femenina"]
[Site "Dresden GER"]
[Date "2008.11.14"]
[Round "2.32"]
[White "Gao, Judy"]
[Black "Bashkite, Viktoria"]
[Result "0-1"]
[WhiteElo "1896"]
[BlackElo "2129"]
[PlyCount "56"]
[EventDate "2008.11.13"]
[EventType "team-tourn"]
[EventRounds "11"]
[EventCountry "GER"]
[Source "lmi"]
[SourceDate "2008.11.13"]
[WhiteTeam "Nueva Zelanda"]
[BlackTeam "Estonia"]
[WhiteTeamCountry "NZL"]
[BlackTeamCountry "EST"]

1. d4 Nf6 2. Nf3 d5 3. e3 g6 4. Bd3 Bg7 5. Nbd2 O-O 6. O-O Nbd7 7. c3 c5 8. b4
b6 9. a4 Qc7 10. Ba3 Re8 11. Be2 Bb7 12. bxc5 bxc5 13. Rb1 Rab8 14. c4 Ne4 15.
Qc2 Nxd2 16. Qxd2 cxd4 17. Nxd4 Ne5 18. Nb5 Qd7 19. cxd5 Bxd5 20. Rfd1 Red8 21.
Qa5 Nc6 22. Qd2 Qf5 23. Bd3 Qg4 24. f4 Bf3 25. h3 Qg3 26. Qf2 Qxf2+ 27. Kxf2
Bxd1 28. Rxd1 a6 0-1

[Event "Olimpiada Dresden 2008 Femenina"]
[Site "Dresden GER"]
[Date "2008.11.14"]
[Round "2.32"]
[White "Vahtra, Tuuli"]
[Black "Fairley, Natasha"]
[Result "1-0"]
[WhiteElo "1961"]
[BlackElo "1803"]
[PlyCount "48"]
[EventDate "2008.11.13"]
[EventType "team-tourn"]
[EventRounds "11"]
[EventCountry "GER"]
[Source "lmi"]
[SourceDate "2008.11.13"]
[WhiteTeam "Estonia"]
[BlackTeam "Nueva Zelanda"]
[WhiteTeamCountry "EST"]
[BlackTeamCountry "NZL"]

1. d4 d5 2. c4 c6 3. cxd5 cxd5 4. Nc3 Nf6 5. Nf3 Bg4 6. Qb3 b6 7. Ne5 e6 8. Bg5
Bh5 9. e4 Be7 10. Bb5+ Kf8 11. Bxf6 gxf6 12. Nc6 Qd6 13. exd5 Nxc6 14. Bxc6 Rc8
15. O-O Rg8 16. Ne4 Qf4 17. Ng3 Bg4 18. Bd7 Rc7 19. dxe6 fxe6 20. Bxe6 Bxe6 21.
Qxe6 Qxd4 22. Rac1 Bc5 23. Rcd1 Re7 24. Qxe7+ Kxe7 1-0

[Event "Olimpiada Dresden 2008 Femenina"]
[Site "Dresden GER"]
[Date "2008.11.14"]
[Round "2.33"]
[White "Leite, Catarina"]
[Black "Blackburn, Suzie G"]
[Result "1-0"]
[WhiteElo "2153"]
[BlackElo "1883"]
[PlyCount "143"]
[EventDate "2008.11.13"]
[EventType "team-tourn"]
[EventRounds "11"]
[EventCountry "GER"]
[Source "lmi"]
[SourceDate "2008.11.13"]
[WhiteTeam "Portugal"]
[BlackTeam "Gales"]
[WhiteTeamCountry "POR"]
[BlackTeamCountry "WLS"]

1. e4 e6 2. d3 c5 3. g3 Nc6 4. Bg2 d5 5. Nd2 g6 6. Ngf3 Bg7 7. O-O Nf6 8. c3 b6
9. Re1 O-O 10. Qc2 a5 11. Nf1 Ra7 12. Bd2 Ba6 13. e5 Nd7 14. Bf4 b5 15. Qd2 Re8
16. d4 cxd4 17. cxd4 Qb6 18. Ne3 Ne7 19. Ng4 Nf5 20. Nh6+ Nxh6 21. Bxh6 Rc7 22.
h4 Rec8 23. h5 Rc2 24. Qf4 Qd8 25. Bxg7 Kxg7 26. Ng5 Qe7 27. h6+ Kg8 28. Rac1
b4 29. Rxc2 Rxc2 30. Rc1 Rxc1+ 31. Qxc1 Qf8 32. Qf4 a4 33. Bh3 Qe7 34. Qc1 Bc4
35. a3 bxa3 36. bxa3 Nf8 37. Qf4 Nd7 38. Bg4 Bb3 39. Kg2 Bc4 40. Bd1 Bb3 41.
Be2 Nb6 42. Qc1 Bc4 43. Bg4 Nd7 44. f4 Nf8 45. Bd1 Qa7 46. Qb2 Qa5 47. Nf3 Qb5
48. Qxb5 Bxb5 49. Nd2 Nd7 50. Nb1 Nb6 51. Nc3 Bc6 52. Be2 Kf8 53. Kf3 Ke7 54.
g4 Bd7 55. Ke3 f5 56. exf6+ Kxf6 57. g5+ Ke7 58. Kd2 Nc8 59. Nd1 Nd6 60. Nc3
Nc8 61. Bd3 Nd6 62. Kc2 Bc6 63. Kd2 Kd7 64. Ke3 Kc7 65. Kd2 Kb6 66. Kc2 Ka5 67.
Kb2 Bb5 68. Nxb5 Nxb5 69. Bxg6 Nd6 70. Bxh7 Nf7 71. Bg8 Nh8 72. Bxe6 1-0

[Event "Olimpiada Dresden 2008 Femenina"]
[Site "Dresden GER"]
[Date "2008.11.14"]
[Round "2.33"]
[White "Smith, Olivia"]
[Black "Pintor, Ariana"]
[Result "1/2-1/2"]
[WhiteElo "1961"]
[BlackElo "2152"]
[PlyCount "96"]
[EventDate "2008.11.13"]
[EventType "team-tourn"]
[EventRounds "11"]
[EventCountry "GER"]
[Source "lmi"]
[SourceDate "2008.11.13"]
[WhiteTeam "Gales"]
[BlackTeam "Portugal"]
[WhiteTeamCountry "WLS"]
[BlackTeamCountry "POR"]

1. e4 c6 2. d4 d5 3. exd5 cxd5 4. Bd3 Nc6 5. c3 Nf6 6. h3 g6 7. Nf3 Bg7 8. O-O
O-O 9. Re1 Bf5 10. Bxf5 gxf5 11. Bf4 e6 12. Nbd2 Ne4 13. Nf1 b5 14. a3 a5 15.
Ne5 Rc8 16. f3 Nd6 17. Qb3 Nxe5 18. dxe5 Nc4 19. Re2 Qb6+ 20. Kh1 Rfd8 21. Ne3
d4 22. Nxc4 Rxc4 23. cxd4 Qxd4 24. Bh2 Rd5 25. Rae1 a4 26. Qa2 Qd3 27. Qb1 Qxb1
28. Rxb1 Rdc5 29. Rbe1 Rc2 30. Bf4 R5c4 31. Bg5 h6 32. Be7 Kh7 33. Bb4 Rxe2 34.
Rxe2 Rc1+ 35. Kh2 f4 36. Bc3 Kg6 37. Re4 Kf5 38. Rb4 Bf8 39. Rxb5 Bxa3 40. Ra5
Be7 41. Rxa4 Rc2 42. Ra7 Bh4 43. Ra1 Bg3+ 44. Kh1 Bf2 45. Rb1 Bb6 46. Kh2 Bf2
47. Rd1 Bg3+ 48. Kh1 Bf2 1/2-1/2